000 00708nam a2200289Ia 4500
005 20260324140819.0
008 008 260324s9999 xx 000 0 eng d
020 _a9780203826430
037 _aEBOOK
040 _aCRL
040 _beng
040 _cCRL
041 _2eng
041 _aeng
084 _qCRL
100 _aAndy Clark; Josefa Toribio
_9998471
245 0 _aConsciousness and Emotion in Cognitive Science
245 0 _bConceptual and Empirical Issues
260 _bTaylor and Francis
260 _c1998
365 _a
365 _b255
856 _uhttp://www.taylorfrancis.com/books/9780203826430
942 _cEBOOK
999 _c1808273
_d1808273